| 000 | 00521nam a2200169Ia 4500 | ||
|---|---|---|---|
| 003 | GCL | ||
| 008 | 140319s9999 xx 000 0 ara d | ||
| 040 |
_aGCL / _cGCL |
||
| 082 | 0 | 4 |
_a301.01 _bم ا |
| 100 | 1 | _aمحمود جاد | |
| 245 | 1 | 0 |
_aالاتجاهات النظرية لعلم الاجتماع فى البلاد النامية و دراسة الطبقة الاجتماعية / _cمحمود جاد |
| 300 | _a231 ص | ||
| 490 | _a | ||
| 650 | 0 | 4 | _aنظريات |
| 650 | 0 | 4 | _aالاجتماع |
| 942 |
_2ddc _cBK |
||
| 999 |
_c41286 _d41286 |
||